000 00290nam a22001217a 4500
008 211124b ||||| |||| 00| 0 eng d
020 _a9789351503149
050 _a650
_b1
245 _aTo BE Or Not to BEE
260 _aNew Delhi
_bSAGE Publications
_c2015
300 _a1
942 _2ddc
_cBK
999 _c11915
_d11915